Copyright made easier. (Record no. 101089)

MARC details
000 -LEADER
fixed length control field 00513cam a2200217 4500
008 - FIXED-LENGTH DATA ELEMENTS--GENERAL INFORMATION
fixed length control field 000000n2000 000 0 eng u
020 ## - INTERNATIONAL STANDARD BOOK NUMBER
International Standard Book Number 0851424473
035 ## - SYSTEM CONTROL NUMBER
System control number (Sirsi) u110294
050 ## - LIBRARY OF CONGRESS CALL NUMBER
Classification number 346.410482
100 ## - MAIN ENTRY--PERSONAL NAME
Personal name Wall, Raymond A.
245 ## - TITLE STATEMENT
Title Copyright made easier.
250 ## - EDITION STATEMENT
Edition statement 3rd ed.
260 ## - PUBLICATION, DISTRIBUTION, ETC.
Place of publication, distribution, etc. London
Name of publisher, distributor, etc. Aslib
Date of publication, distribution, etc. 2000
300 ## - PHYSICAL DESCRIPTION
Extent xiii,548p. ; 24cm.
350 ## - PRICE (NR) (BK AM CF MU VM SE) [OBSOLETE]
Price 42.00
690 ## - LOCAL SUBJECT ADDED ENTRY--TOPICAL TERM (OCLC, RLIN)
Topical term or geographic name as entry element LAW-UK
700 ## - ADDED ENTRY--PERSONAL NAME
Personal name Norman, Sandy
700 ## - ADDED ENTRY--PERSONAL NAME
Personal name Pedley, P.
700 ## - ADDED ENTRY--PERSONAL NAME
Personal name Harris, Frank
942 ## - ADDED ENTRY ELEMENTS (KOHA)
Suppress in OPAC 0
Holdings
Withdrawn status Lost status Source of classification or shelving scheme Damaged status Not for loan Home library Current library Shelving location Date acquired Cost, normal purchase price Total Checkouts Full call number Barcode Date last seen Date last checked out Copy number Cost, replacement price Price effective from Koha item type
    Dewey Decimal Classification     London London Books 26/07/2001 42.00 2 346.410482 WAL 30064737 06/08/2019 28/04/2006 1 42.00 06/08/2019 Book